| 000 | 00428nam a2200181Ia 4500 | ||
|---|---|---|---|
| 001 | 2947 | ||
| 005 | 20260306144844.0 | ||
| 008 | 260306t2001||||xx |||||||||||||| ||spa|| | ||
| 041 | _aESP | ||
| 082 |
_a234.23 _bC75 |
||
| 100 |
_aCollantes, Justo _eAUT |
||
| 245 | 0 | _aLa fe de la Iglesia Católica | |
| 260 | _c2001 | ||
| 300 |
_axxxix, 962 páginas : _c20 cm. |
||
| 650 | _aGEN | ||
| 654 | _aCHU | ||
| 942 |
_cLIB _dJUS _fJUS _2ddc _n |
||
| 999 |
_c2947 _d2947 |
||